[Event "Swedish Elitserien 2021-22"]
[Site "Sodertalje"]
[Date "2022.05.15"]
[Round "9.21"]
[White "Hedman, Erik"]
[Black "Olofsson-Dolk, Mattis"]
[Result "0-1"]
[WhiteElo "2333"]
[BlackElo "2182"]
[Annotator "TA"]
[PlyCount "78"]
[EventDate "2022.05.13"]
[EventType "team-tourn"]
[EventCountry "SWE"]
[SourceTitle "playchess.com"]
[Source "ChessBase"]
[SourceQuality "1"]

{[%evp 15,78,-8,0,-8,-10,-31,0,-20,-18,-20,-17,-37,-33,-77,27,27,18,23,55,0,56,55,99,20,121,41,64,47,85,75,97,50,85,72,91,73,72,66,79,79,135,88,316,314,306,161,147,139,185,158,155,160,154,150,134,110,516,506,504,481,445,-1062,-884,-998,-964]} 1. Nf3 {[%emt 0:23:15]} c5 {[%emt 0:00:12]} 2. g3 {[%emt 0:00:05]} d5 {[%emt 0:01:04]} 3. Bg2 {[%emt 0:00:08]} Nf6 {[%emt 0:00:59]} 4. O-O {[%emt 0:00:08]} e6 {[%emt 0:00:58]} 5. d3 {[%emt 0:00:26]} Be7 {[%emt 0:01:29]} 6. Nbd2 {[%emt 0:00:05]} Nc6 {[%emt 0:01:02]} 7. e4 {[%emt 0:00:05][%cal Be2e4,Be4e5][%mdl 32]} b6 {[%emt 0:02:42]} 8. Re1 {[%emt 0:01:36]} Bb7 {[%emt 0:01:44]} 9. b3 {[%emt 0:00:32] C00: French: Unusual White 2nd moves.} O-O {[%emt 0:02:41]} 10. Bb2 {[%emt 0:00:05]} Qc7 {[%emt 0:02:51]} 11. Qe2 {[%emt 0:08:23] The position is equal.} Rad8 {[%emt 0:09:08]} 12. e5 {[%emt 0:01:59]} Nd7 {[%emt 0:00:19] [#]} 13. h4 $146 {[%emt 0:03:26][%cal Bh2h4,Bh4h5,Bh5h6][%mdl 32]} ({Predecessor:} 13. c4 d4 14. Nf1 Rde8 15. Bc1 Qb8 16. h4 Bd8 17. N1h2 Bc7 18. Ng4 h5 19. Ngh2 Ncxe5 20. Nxe5 Nxe5 {1-0 (67) Grigoryan,A (2583)-Oganian,M (2376) Yerevan 2014}) 13... b5 {[%emt 0:03:42]} 14. h5 {[%emt 0:03:47][%cal Oh5h6]} Ba6 {[%emt 0:08:54]} ({Black should try} 14... h6 $17) 15. h6 $11 {[%emt 0:08:59]} g6 {[%emt 0:00:33]} 16. Nf1 {[%emt 0:01:42]} c4 {[%emt 0:05:16]} 17. Ne3 {[%emt 0:18:29]} ({Better is} 17. N1h2 $14) 17... Qb6 {[%emt 0:10:52]} ({Black should play} 17... Bb4 $11) 18. Ng4 $1 $14 {[%emt 0:06:28]} ({Much worse is} 18. dxc4 bxc4 19. Qd1 Bb4 $11) 18... b4 {[%emt 0:03:12]} 19. Rad1 {[%emt 0:12:00]} ({Don't take} 19. bxc4 dxc4 20. dxc4 Na5 $14) (19. dxc4 $16 {Strongly threatening a3.} dxc4 20. bxc4) 19... Nc5 {[%emt 0:02:38]} (19... c3 $11 {remains equal.} 20. Bc1 Rc8) 20. Qe3 {[%emt 0:06:12]} ({Don't do} 20. bxc4 dxc4 21. dxc4 Na5 $14) (20. dxc4 $16 {Qe3 is the strong threat.} dxc4 21. bxc4) 20... cxd3 {[%emt 0:14:34]} 21. cxd3 {[%emt 0:00:05]} Qa5 {[%emt 0:04:10]} 22. Rd2 {[%emt 0:09:17]} Rc8 {[%emt 0:02:20]} (22... Qxa2 $2 23. Nd4 Nxd4 24. Bxd4 $18) 23. Rc1 {[%emt 0:08:18]} (23. Bh3 $16) 23... Qb6 {[%emt 0:03:25]} 24. Bf1 {[%emt 0:01:11] Black must now prevent Rdc2.} Bb7 {[%emt 0:03:48]} 25. Qf4 {[%emt 0:01:50] Threatens to win with Nf6+.} Nd7 {[%emt 0:01:46]} 26. Rdc2 {[%emt 0:01:41]} a5 {[%emt 0:02:30]} 27. Bh3 {[%emt 0:04:35]} Ba6 {[%emt 0:00:53]} (27... Qd8 $142) 28. Ne3 {[%emt 0:00:19]} (28. Nf6+ $142 $1 Bxf6 29. exf6 Bxd3 30. Bxe6) 28... Bxd3 $2 {[%emt 0:09:24] [#]} (28... Qb5 $16 {was called for.}) 29. Nxd5 $1 $18 {[%emt 0:00:13][%mdl 512]} exd5 {[%emt 0:00:01] [#]} 30. Bxd7 {[%emt 0:01:23]} (30. e6 $142 $1 {[%cal Re6d7]} Bxc2 31. exd7) 30... Bxc2 {[%emt 0:00:01]} 31. Bxc8 {[%emt 0:01:23]} Be4 {[%emt 0:00:26]} (31... Rxc8 $16 32. Rxc2 Rf8) 32. Bh3 {[%emt 0:00:59]} Nd8 {[%emt 0:01:48] aiming for ...Ne6.} 33. Ng5 {[%emt 0:00:14]} Ne6 {[%emt 0:00:24] [#]} 34. Nxe6 {[%emt 0:00:36]} fxe6 {[%emt 0:00:02]} 35. Qe3 {[%emt 0:00:04]} Qxe3 {[%emt 0:01:27][%mdl 8192]} (35... Qa6 $16) 36. Bxe6+ {[%emt 0:00:04]} Kh8 {[%emt 0:00:11][%csl Gf8][%cal Re3f2]} 37. fxe3 {[%emt 0:00:05]} Bg5 {[%emt 0:00:18]} 38. Bf7 $4 {[%emt 0:01:33][%mdl 8192]} Bxe3+ $19 {[%emt 0:00:21]} 39. Kh2 {[%emt 0:00:04]} Bxc1 {[%emt 0:00:06] Weighted Error Value: White=0.44/Black=0.65} 0-1

[Event "Swedish Elitserien 2021-22"]
[Site "Sodertalje"]
[Date "2022.05.15"]
[Round "9.22"]
[White "Rydstrom, Tom"]
[Black "Kenneskog, Theodor"]
[Result "1/2-1/2"]
[WhiteElo "2300"]
[BlackElo "2296"]
[Annotator "TA"]
[PlyCount "40"]
[EventDate "2022.05.13"]
[EventType "team-tourn"]
[EventCountry "SWE"]
[SourceTitle "playchess.com"]
[Source "ChessBase"]
[SourceQuality "1"]

{[%evp 13,40,-5,0,-15,-18,-4,-18,-130,-122,-137,-102,-256,0,0,0,0,0,0,0,0,0,0,0,0,0,0,0,0,0]} 1. e4 c5 {[%emt 0:00:05]} 2. Nf3 {[%emt 0:00:09]} d6 {[%emt 0:00:04]} 3. Nc3 {[%emt 0:00:10]} a6 {[%emt 0:00:30]} 4. d4 {[%emt 0:00:58]} cxd4 {[%emt 0:00:05]} 5. Nxd4 {[%emt 0:00:02]} Nf6 {[%emt 0:00:06][%cal Bg8f6,Bf6e4,Be4c3,Bc3a2][%mdl 32]} 6. Bg5 {[%emt 0:00:20]} e6 {[%emt 0:00:05]} 7. Qe2 {[%emt 0:00:51]} Be7 {[%emt 0:02:38][%cal Of6e4]} 8. O-O-O {[%emt 0:00:06] [#] B95: Sicilian Najdorf: 6 Bg5 e6, unusual White 7th moves.} Nxe4 $1 {[%emt 0:07:12]} 9. Bxe7 {[%emt 0:00:09]} ({Reject} 9. Qxe4 Bxg5+ 10. f4 d5 $17) 9... Nxc3 {[%emt 0:00:08] [#]} 10. Qg4 $146 {[%emt 0:17:22]} ({Predecessor:} 10. Qc4 Nxa2+ 11. Kb1 Kxe7 12. Bd3 Re8 13. h4 Nc6 14. Nxc6+ bxc6 15. Kxa2 e5 16. Qxc6 {0-1 (29) Savchenko,B (2535)-Remolar Gallen,J (2308) Chess.com INT 2022}) 10... Nxa2+ {[%emt 0:13:49]} 11. Kb1 {[%emt 0:00:02]} Kxe7 {[%emt 0:01:43]} 12. Qxg7 $2 {[%emt 0:19:52] [#]} (12. Bc4 $17) 12... Rg8 $2 {[%emt 0:27:37]} (12... Nb4 $1 $19 {And now ...Qg8 would win.} 13. Qh6 N8c6) 13. Qxh7 $11 {[%emt 0:05:10] The position is equal.} Nb4 {[%emt 0:01:33]} 14. Bc4 $1 $36 {[%emt 0:17:22][%cal Od4f5][%mdl 2048] aiming for Nf5+! White has some pressure.} d5 {[%emt 0:01:12]} 15. Rhe1 {[%emt 0:00:31]} Kf8 {[%emt 0:09:47] Hoping for ...Qf6.} 16. Qh6+ {[%emt 0:07:00]} Rg7 {[%emt 0:00:26] White must now prevent ...Qg5.} 17. Qh8+ $1 {[%emt 0:03:03]} Rg8 {[%emt 0:00:04]} 18. Qh6+ {[%emt 0:00:03]} Rg7 {[%emt 0:10:54] ...Qg5 is the strong threat.} 19. Qh8+ $1 {[%emt 0:00:56]} Rg8 {[%emt 0:00:05]} 20. Qh6+ {[%emt 0:00:02]} Rg7 {[%emt 0:00:53] Weighted Error Value: White=0.19 (very precise) /Black=0.33} 1/2-1/2

[Event "Swedish Elitserien 2021-22"]
[Site "Sodertalje"]
[Date "2022.05.15"]
[Round "9.23"]
[White "Barkhagen, Jonas"]
[Black "Sevastianov, Andrii"]
[Result "1/2-1/2"]
[WhiteElo "2433"]
[BlackElo "2108"]
[Annotator "TA"]
[PlyCount "102"]
[EventDate "2022.05.13"]
[EventType "team-tourn"]
[EventCountry "SWE"]
[SourceTitle "playchess.com"]
[Source "ChessBase"]
[SourceQuality "1"]

{[%evp 14,102,15,13,18,18,14,17,32,15,43,32,37,19,35,37,47,52,47,33,59,66,52,48,126,125,168,168,168,168,168,168,168,168,168,139,139,141,143,144,149,143,168,104,102,107,107,95,141,63,89,75,132,99,95,17,171,171,200,201,197,152,274,279,521,500,475,504,502,504,495,504,502,488,488,488,744,716,1021,939,763,488,488,345,345,345,337,337,297,0,0]} 1. d4 {[%emt 0:00:08]} d5 {[%emt 0:00:48]} 2. c4 {[%emt 0:00:06]} e6 {[%emt 0:00:12]} 3. Nc3 {[%emt 0:00:05]} Nf6 {[%emt 0:00:13]} 4. Bg5 {[%emt 0:00:06]} Be7 {[%emt 0:00:20]} 5. e3 {[%emt 0:00:16]} Nbd7 {[%emt 0:00:15]} 6. Nf3 {[%emt 0:00:07]} h6 {[%emt 0:00:09]} 7. Bh4 {[%emt 0:00:05]} O-O {[%emt 0:00:09]} 8. Rc1 {[%emt 0:00:18]} c5 {[%emt 0:00:33] D63: Queen's Gambit Declined: Classical: 7 Rc1.} 9. dxc5 {[%emt 0:06:11]} dxc4 {[%emt 0:13:12]} 10. c6 $1 {[%emt 0:04:04] 10.c6 is better than 10.Bxc4.} Nb6 {[%emt 0:05:50]} 11. Qxd8 {[%emt 0:02:34]} Bxd8 {[%emt 0:02:14]} 12. Ne5 {[%emt 0:01:02]} bxc6 {[%emt 0:04:29]} 13. Nxc4 {[%emt 0:01:48] [#]} Nxc4 $146 {[%emt 0:09:33]} ({Predecessor:} 13... c5 14. Be2 Bb7 15. O-O Nxc4 16. Bxc4 Nd5 17. Bg3 Nb6 18. Be2 Bf6 19. Rfd1 c4 {1-0 (50) Alfaro Caracas,W (2103)-Ulloa,R (2180) San Jose 2019}) 14. Bxc4 {[%emt 0:00:10]} Nd5 {[%emt 0:00:08]} 15. Bxd8 {[%emt 0:12:26]} Rxd8 {[%emt 0:00:11]} 16. O-O {[%emt 0:00:42]} Rb8 {[%emt 0:06:28]} 17. Rfd1 {[%emt 0:00:33]} Bd7 {[%emt 0:06:15]} (17... Rxb2 $2 18. Bb3 $18) 18. Na4 {[%emt 0:05:04][%cal Bc3a4,Ba4c5,Bc5d3][%mdl 32]} ({Of course not} 18. Bxd5 cxd5 19. b3 Rbc8 $11) 18... c5 {[%emt 0:10:49]} (18... Nb6 $14 19. Bb3 Nxa4 20. Bxa4 Kf8) 19. Nxc5 $16 {[%emt 0:00:34]} Rxb2 {[%emt 0:00:25] [#]} 20. Bb3 $1 {[%emt 0:00:14]} ({Don't play} 20. Bxd5 $6 exd5 21. Rxd5 Rc8 $14) 20... Bb5 {[%emt 0:04:08]} 21. e4 {[%emt 0:11:28]} Be2 {[%emt 0:00:25]} 22. exd5 {[%emt 0:00:49]} ({Resist} 22. Rd4 $6 {[#]} Rc8 $1 $14) 22... Bxd1 {[%emt 0:00:19]} 23. Rxd1 {[%emt 0:00:11]} exd5 {[%emt 0:03:06]} 24. Nd3 {[%emt 0:01:12]} Re2 {[%emt 0:00:46]} 25. Nf4 {[%emt 0:00:19][%csl LRd5,LRe2]} Re4 {[%emt 0:01:35]} 26. Nxd5 {[%emt 0:00:23][%cal Od5f6] And now Nf6+! would win.} Kf8 {[%emt 0:01:06]} 27. Kf1 {[%emt 0:38:43]} a5 {[%emt 0:04:37]} 28. Rb1 {[%emt 0:01:00]} (28. a4 $18) 28... Rh4 {[%emt 0:05:13] Strongly threatening ...a4.} 29. Ne3 {[%emt 0:05:36]} Rxh2 {[%emt 0:01:20] White must now prevent ...Rh1+.} 30. Ke2 {[%emt 0:00:04]} Rh4 {[%emt 0:01:26]} (30... Rh5 $142) 31. Bc4 {[%emt 0:00:17]} (31. g4 $16) 31... Rhd4 {[%emt 0:07:00][%cal Of7f5]} 32. Rb5 {[%emt 0:00:46]} a4 {[%emt 0:04:53]} ({Black should play} 32... Re8) 33. Rb4 {[%emt 0:02:15]} a3 {[%emt 0:00:26]} 34. Ra4 {[%emt 0:04:31]} (34. Rb5 $16) 34... Rb8 $2 {[%emt 0:01:09]} (34... Rc8 $11 {and Black has nothing to worry.}) 35. Rxa3 $18 {[%emt 0:00:11]} Rb2+ {[%emt 0:00:10]} 36. Kf3 {[%emt 0:00:08]} Rdd2 {[%emt 0:00:40]} 37. Ke4 {[%emt 0:00:11] Hoping for Ra8+.} g6 {[%emt 0:07:09]} (37... Rxf2 $2 38. Nd1 $18) (37... Rd8 $16) 38. Ra7 {[%emt 0:02:47]} f5+ $2 {[%emt 0:01:03]} (38... Rxf2 39. Nd1 Rb4) 39. Ke5 {[%emt 0:00:43]} Rxf2 {[%emt 0:00:23]} 40. Nd1 {[%emt 0:00:29][%csl LRb2,LRf2]} Rfe2+ {[%emt 0:00:47]} 41. Bxe2 {[%emt 0:00:08]} Rxe2+ {[%emt 0:00:07][%mdl 4096] Endgame KRN-KR} 42. Kf6 {[%emt 0:00:17] Ra8+ would kill now.} Ke8 {[%emt 0:00:11]} 43. Kxg6 {[%emt 0:00:17]} f4 {[%emt 0:03:25]} 44. Kf5 {[%emt 0:00:13]} Rd2 {[%emt 0:00:27]} (44... Rxg2 $142 45. Kxf4 Kd8) 45. Nc3 {[%emt 0:00:16]} Rxg2 {[%emt 0:00:12]} 46. Kxf4 {[%emt 0:00:11]} h5 {[%emt 0:00:30]} 47. Kf3 {[%emt 0:04:56]} Rc2 {[%emt 0:03:33]} 48. Ne4 {[%emt 0:02:01]} h4 {[%emt 0:00:58]} 49. Nd6+ {[%emt 0:00:21]} Kd8 {[%emt 0:01:12]} 50. Kg4 {[%emt 0:01:26]} Rg2+ {[%emt 0:00:49]} 51. Kxh4 $2 {[%emt 0:00:32]} (51. Kf5 $18) 51... Rg4+ $1 {[%emt 0:01:01] Weighted Error Value: White=0.29 (precise) /Black=0.30} 1/2-1/2

[Event "Swedish Elitserien 2021-22"]
[Site "Sodertalje"]
[Date "2022.05.15"]
[Round "9.24"]
[White "Fransson, Patrick"]
[Black "Trost, Edvin"]
[Result "0-1"]
[WhiteElo "2164"]
[BlackElo "2366"]
[Annotator "TA"]
[PlyCount "86"]
[EventDate "2022.05.13"]
[EventType "team-tourn"]
[EventCountry "SWE"]
[SourceTitle "playchess.com"]
[Source "ChessBase"]
[SourceQuality "1"]

{[%evp 9,86,-3,-4,-14,-7,-20,-9,-52,-16,-7,0,-50,-51,-53,-66,-121,-89,-191,-172,-158,-143,-146,-123,-123,-131,-154,-129,-118,-131,-124,-104,-132,-131,-217,-212,-202,-193,-288,-208,-218,-202,-218,-216,-212,-214,-206,-187,-220,-178,-191,-187,-185,-189,-238,-207,-303,-301,-352,-351,-410,-408,-463,-477,-441,-239,-495,-495,-464,-472,-1040,-1062,-1012,-1010,-1116,-1076,-1044,-988,-921,-891]} 1. d4 {[%emt 0:00:06]} d5 {[%emt 0:00:40]} 2. Bg5 {[%emt 0:00:26]} h6 {[%emt 0:00:46]} 3. Bh4 {[%emt 0:00:11]} c5 {[%emt 0:00:07]} 4. dxc5 {[%emt 0:01:53]} g5 {[%emt 0:00:29]} 5. Bg3 {[%emt 0:00:06]} Bg7 {[%emt 0:00:01]} 6. c3 {[%emt 0:01:17] D00: 1 d4 d5: Unusual lines.} Na6 {[%emt 0:02:30]} 7. e4 {[%emt 0:18:20]} dxe4 {[%emt 0:01:51] ...Qxd1+ is the strong threat.} 8. Qxd8+ {[%emt 0:09:48] The position is equal.} Kxd8 {[%emt 0:00:01]} 9. Bxa6 {[%emt 0:01:22]} bxa6 {[%emt 0:00:04]} 10. Na3 {[%emt 0:05:03]} (10. f3 $11) 10... f5 $1 $15 {[%emt 0:01:17] White must now prevent ...f4.} 11. O-O-O+ {[%emt 0:06:42]} Ke8 {[%emt 0:00:01] Threatens to win with ...f4.} 12. Bc7 {[%emt 0:06:33]} (12. f3 $15) 12... Be6 {[%emt 0:00:14] [#]} 13. Kb1 $146 {[%emt 0:06:39]} (13. Ne2 $17) ({Predecessor:} 13. Ba5 Rc8 14. b4 Bxc3 15. Ne2 Be5 16. Nd4 Kf7 17. Nxe6 Kxe6 18. Nc4 Bf4+ 19. Kc2 {0-1 (50) Laptos,K (2278)-Hirschberg,V (2319) Montreal 2014}) 13... Rc8 $19 {[%emt 0:01:44]} 14. Ba5 {[%emt 0:00:18]} Rxc5 {[%emt 0:00:13]} 15. Bb4 {[%emt 0:00:28]} Rc8 {[%emt 0:04:28] Black is more active.} 16. Ne2 {[%emt 0:02:43]} Nf6 {[%emt 0:00:43]} 17. h3 {[%emt 0:04:53] Against Ng4} Nd7 {[%emt 0:06:18]} 18. Nd4 {[%emt 0:03:35]} Bxd4 {[%emt 0:01:43]} 19. cxd4 {[%emt 0:01:21]} Bd5 {[%emt 0:01:45][%cal Oe4e3]} 20. b3 {[%emt 0:03:04]} e3 {[%emt 0:02:25]} 21. Rhe1 {[%emt 0:05:59]} (21. Rh2 $17 {keeps fighting.}) 21... Be4+ {[%emt 0:01:10]} ({Weaker is} 21... Bxg2 22. Rxe3 Be4+ 23. Kb2 $15) (21... exf2 22. Rxe7+ Kd8 23. Re2) 22. Kb2 {[%emt 0:00:14]} exf2 {[%emt 0:00:30]} 23. Re2 {[%emt 0:00:06]} (23. Rf1 {was forced.}) 23... a5 {[%emt 0:10:33]} ({But not} 23... Bxg2 $2 24. Rxf2 Be4 25. Nb1 $17) 24. Bxa5 {[%emt 0:01:45]} f1=Q {[%emt 0:00:48]} ({Not} 24... Bxg2 25. Rxf2 Bxh3 26. Nb5) 25. Rxf1 {[%emt 0:00:06]} Bd3 {[%emt 0:00:07]} 26. Rfe1 {[%emt 0:00:18]} Bxe2 {[%emt 0:00:05]} 27. Rxe2 {[%emt 0:00:03]} Kf7 {[%emt 0:01:06]} 28. Nc4 {[%emt 0:00:56]} Nf6 {[%emt 0:01:43]} 29. Re5 {[%emt 0:02:01]} f4 {[%emt 0:01:27]} 30. Bb4 {[%emt 0:00:24]} Rc7 {[%emt 0:01:36]} 31. d5 {[%emt 0:04:29]} (31. a3 {might work better.}) 31... Rh7 {[%emt 0:12:51]} 32. Kc3 {[%emt 0:01:17]} (32. a4 $142) 32... Rd7 {[%emt 0:03:52]} 33. Kd4 {[%emt 0:06:08]} Rh8 {[%emt 0:00:13]} 34. d6 {[%emt 0:02:54]} Rhd8 {[%emt 0:01:07]} 35. h4 {[%emt 0:03:16]} exd6 {[%emt 0:04:33]} 36. Ra5 {[%emt 0:00:29]} Rg8 {[%emt 0:00:39]} (36... Kg6 $142 37. Kd3 gxh4) 37. Nxd6+ $2 {[%emt 0:01:20]} (37. Bxd6 Rgd8 38. hxg5 hxg5 39. Rxg5) 37... Kg6 {[%emt 0:01:29] Black is clearly winning.} 38. hxg5 {[%emt 0:01:13]} hxg5 {[%emt 0:00:18]} 39. Re5 {[%emt 0:01:09] [#]} (39. Kc4 $142 g4 40. Ra6) 39... Rxd6+ $1 {[%emt 0:04:42][%mdl 512]} 40. Bxd6 {[%emt 0:00:05]} Rd8 {[%emt 0:00:05]} 41. Re6 {[%emt 0:02:33]} Kf5 {[%emt 0:00:06]} 42. Re5+ {[%emt 0:00:05]} Kg4 {[%emt 0:00:01]} 43. Re6 {[%emt 0:03:14] [#]} Ne8 $1 {[%emt 0:00:05] Weighted Error Value: White=0.45/Black=0.14 (very precise)} 0-1

[Event "Swedish Elitserien 2021-22"]
[Site "Sodertalje"]
[Date "2022.05.15"]
[Round "9.25"]
[White "Hauge, Lars Oskar"]
[Black "Thybo, Jesper Sondergaard"]
[Result "1/2-1/2"]
[WhiteElo "2528"]
[BlackElo "2544"]
[Annotator "TA"]
[PlyCount "117"]
[EventDate "2022.05.13"]
[EventType "team-tourn"]
[EventCountry "SWE"]
[SourceTitle "playchess.com"]
[Source "ChessBase"]
[SourceQuality "1"]

{[%evp 11,117,18,2,-4,30,30,29,23,27,28,27,30,31,0,30,19,18,25,25,28,22,13,26,23,25,33,50,10,33,0,0,0,0,0,0,-16,-23,-17,-17,-20,-22,-24,-17,-15,-3,-8,0,-1,0,0,-1,0,0,-1,-5,-3,0,-11,-8,-9,-9,-12,-8,-8,-8,-8,-8,-8,-8,-8,-8,-8,-7,-7,-7,-8,-8,-8,-8,-36,-8,-8,-8,-8,-8,-8,-8,-8,-8,-8,-8,-8,-8,-8,0,0,0,0,0,0,0,0,0,0,0,0,0,0]} 1. e4 {[%emt 0:10:03]} c5 {[%emt 0:00:41]} 2. Nf3 {[%emt 0:03:32]} Nc6 {[%emt 0:00:49]} 3. Bb5 {[%emt 0:02:44]} g6 {[%emt 0:01:47]} 4. O-O {[%emt 0:01:46]} Bg7 {[%emt 0:00:28]} 5. d3 {[%emt 0:00:27]} d6 {[%emt 0:04:08]} 6. Bxc6+ {[%emt 0:02:51]} bxc6 {[%emt 0:00:06]} 7. e5 {[%emt 0:00:16] B31: Sicilian: 2...Nc6 3 Bb5 g6.} dxe5 {[%emt 0:03:48][%cal Oc5c4]} 8. Re1 {[%emt 0:00:43]} Qc7 {[%emt 0:03:07]} 9. Nbd2 {[%emt 0:01:13][%mdl 1024] [#] White has compensation. White has an edge.} Nh6 $146 {[%emt 0:03:19]} ({Predecessor:} 9... Be6 10. Qe2 Nh6 11. Ng5 Qc8 12. Nb3 c4 13. Nxe6 Qxe6 14. dxc4 Nf5 15. Bd2 O-O {½-½ (52) Viver Ruiz,J (2270)-Mallmann,B (2169) ICCF email 2021}) 10. Nc4 {[%emt 0:04:51][%cal Rf3e5]} f6 {[%emt 0:00:20]} 11. Be3 {[%emt 0:01:38]} O-O {[%emt 0:09:00]} 12. Qd2 {[%emt 0:04:03]} Nf7 {[%emt 0:02:48][%cal Bh6f7,Bf7d8,Bd8e6,Be6d4,Bd4f3][%mdl 32]} 13. Qa5 {[%emt 0:03:05]} Qxa5 {[%emt 0:14:07]} 14. Nxa5 {[%emt 0:00:08]} Nd8 {[%emt 0:01:10]} 15. Bxc5 {[%emt 0:00:30]} Kf7 {[%emt 0:00:47]} 16. d4 {[%emt 0:05:18][%cal Rd4e5]} Bg4 {[%emt 0:12:32]} 17. dxe5 {[%emt 0:01:55]} Bxf3 {[%emt 0:02:36]} 18. gxf3 {[%emt 0:00:29]} Ne6 {[%emt 0:00:10]} 19. Be3 {[%emt 0:05:29]} f5 {[%emt 0:01:30][%cal Bf6f5,Bf5f4][%mdl 32]} 20. Nxc6 {[%emt 0:26:50][%cal Ba5c6,Bc6b4,Bb4d3][%mdl 32]} f4 $1 {[%emt 0:02:15]} 21. Bd2 {[%emt 0:00:08] Threatens to win with b4.} (21. Bxa7 $2 Rfc8 22. Nb4 Rxa7 $17) 21... Rfc8 $1 {[%emt 0:02:10]} 22. Nb4 {[%emt 0:00:26]} a5 {[%emt 0:02:52]} 23. Nd3 {[%emt 0:05:25]} Nd4 $1 {[%emt 0:01:21]} ({Don't play} 23... Rxc2 24. Bc3 $14) 24. Red1 {[%emt 0:00:17]} Nxf3+ {[%emt 0:01:38]} 25. Kg2 {[%emt 0:01:13]} Nxe5 {[%emt 0:00:33]} 26. Bxf4 {[%emt 0:08:25]} Nxd3 {[%emt 0:01:38]} 27. cxd3 {[%emt 0:00:11]} Rc2 {[%emt 0:03:48]} (27... Bxb2 $5 28. Rab1 Bd4 $11) 28. Rd2 {[%emt 0:00:22]} Rac8 {[%emt 0:02:07]} 29. Rb1 {[%emt 0:00:53]} a4 {[%emt 0:01:10]} 30. d4 {[%emt 0:02:46]} Rxd2 {[%emt 0:11:10]} 31. Bxd2 {[%emt 0:00:05]} Bxd4 $11 {[%emt 0:00:04][%mdl 4096] Endgame Strongly threatening ...Rc2. KRB-KRB} 32. Rc1 {[%emt 0:00:22] Prevents Rc2.} Rd8 {[%emt 0:02:11]} 33. Rc2 {[%emt 0:01:30]} e5 {[%emt 0:00:25]} 34. b3 {[%emt 0:01:25]} axb3 {[%emt 0:00:45]} 35. axb3 {[%emt 0:00:05]} Ke6 {[%emt 0:00:23]} 36. b4 {[%emt 0:00:42]} Rd7 {[%emt 0:01:25]} 37. Be3 {[%emt 0:04:53]} Rb7 {[%emt 0:01:21]} 38. Bxd4 {[%emt 0:02:06]} exd4 {[%emt 0:00:06] KR-KR} 39. Kf3 {[%emt 0:00:05]} Rxb4 {[%emt 0:01:54] Black wants to play ...Kd5.} 40. Ke4 {[%emt 0:00:10]} Rb3 {[%emt 0:00:33]} 41. Rc6+ {[%emt 0:05:35]} Kf7 {[%emt 0:01:24]} 42. Rc7+ {[%emt 0:02:43]} Kg8 {[%emt 0:00:46]} 43. Rc8+ {[%emt 0:02:48]} Kg7 {[%emt 0:00:25]} 44. Rc7+ {[%emt 0:00:04]} Kh6 {[%emt 0:00:13]} 45. Kxd4 {[%emt 0:00:22]} Rh3 {[%emt 0:01:27]} (45... Rf3 $5 {[%cal Rf3f2]}) 46. f4 {[%emt 0:01:37] The position is equal.} Rxh2 {[%emt 0:01:25]} 47. Ke3 {[%emt 0:01:12]} Rh3+ {[%emt 0:00:22]} 48. Kf2 {[%emt 0:01:14]} Ra3 {[%emt 0:00:09]} 49. Kg2 {[%emt 0:00:20]} Rb3 {[%emt 0:00:49]} 50. Kf2 {[%emt 0:00:11]} Rb8 {[%emt 0:00:08]} 51. Kg3 {[%emt 0:00:14]} Rg8 {[%emt 0:00:13]} 52. Kg4 {[%emt 0:00:39]} Rg7 {[%emt 0:00:14]} 53. Rxg7 {[%emt 0:00:49]} Kxg7 {[%emt 0:00:07]} 54. f5 {[%emt 0:00:03]} gxf5+ {[%emt 0:01:04]} 55. Kxf5 {[%emt 0:00:07][%cal Bg4f5,Bf5g5,Bg5h6][%mdl 32] KP-K} Kf7 {[%emt 0:00:07][%cal Bg7f7,Bf7f8,Bf8g8][%mdl 32]} 56. Kg5 {[%emt 0:00:05]} Kf8 {[%emt 0:00:04]} 57. Kh6 {[%emt 0:00:04]} Kg8 {[%emt 0:00:04]} 58. Kh5 {[%emt 0:00:06]} h6 {[%emt 0:00:04]} 59. Kxh6 {[%emt 0:00:04] Weighted Error Value: White=0.04 (flawless) /Black=0.03 (flawless)} 1/2-1/2